[Event "Hastings 0203 78th"]
[Site "Hastings"]
[Date "2003.01.01"]
[Round "5"]
[White "Flear, Glenn C"]
[Black "Tseshkovsky, Vitaly"]
[Result "1-0"]
[WhiteElo "2527"]
[BlackElo "2545"]
[Annotator "Erenburg,S"]
[PlyCount "82"]
[EventDate "2002.12.28"]
[EventType "tourn"]
[EventRounds "9"]
[EventCountry "ENG"]
[EventCategory "12"]
[SourceTitle "CBM 093"]
[Source "ChessBase"]
[SourceDate "2003.04.01"]
[SourceVersion "1"]
[SourceVersionDate "2003.04.01"]
[SourceQuality "1"]

1. d4 d6 2. e4 Nf6 3. Nc3 g6 4. f4 Bg7 5. a3 $5 {Interesting move, but rare
one. The main idea of this move is to prevent black's 5...c7-c5, like it
happens in variations after 5.Nf3} O-O (5... c5 $2 {is already met by} 6. dxc5
Qa5 7. b4) 6. Nf3 c6 {Black has other continuations in this position:} (6... b6
$5 {see 1/2-1/2 David,A-Bauer,C/France 2000/EXT 2001 (21)}) (6... Bg4 7. h3
Bxf3 8. Qxf3 Nc6 9. Be3 e5 10. dxe5 dxe5 11. f5 $14 {1-0 Illescas Cordoba,
M-Gurevich,M/Madrid 1988/EXT 97 (26)}) 7. Bd3 Bg4 $6 ({More solid is} 7... Nbd7
8. e5 (8. O-O e5 $13) 8... Ne8 (8... Ng4 {deserves attention.}) 9. Qe2 $14 {
1-0 Djuric,S-Cabrilo,G/Zlatibor 1989/EXT 2000 (27)}) 8. h3 $5 $146 {White
doesn't hurry to castle, first of all he prefers to cover the diagonal a7-g1,
especially the c5-square, and then to complete the development.} ({In
according to my database the position after 7...Bg4 was played only once
before this game, where white chose to start from the castle:} 8. O-O e5 9.
dxe5 dxe5 10. f5 Nbd7 11. h3 Bxf3 12. Qxf3 Nc5 {Black has already occupied the
c5-square with the knight.} 13. Be3 Nxd3 14. Rad1 $13 {0-1 Sedina,E-Qendro,L/
Milan 2002/CBM 89 ext (41)}) 8... Bxf3 9. Qxf3 e5 (9... Qb6 {doesn't change
the evaluation of the position.} 10. e5 (10. Ne2 {comes to consideration as
well.}) 10... Nfd7 (10... Ne8 11. h4) 11. h4 $40 {[%cal Gh4h5]}) 10. dxe5 dxe5
11. f5 Nbd7 (11... Qb6 $2 {trying to prevent the white castle.} 12. Be3 $1 (12.
g4 $16) 12... Qxb2 $4 13. Kd2 $1) 12. Be3 $16 {Now white prevents from black
to occupy an important square c5 with the knight and this is the difference
between this variation and 8.0-0 variation. White has a pair of bishops, his
pieces occupied better positions than the black's ones, so after white castles
he gets the advantage.} Nh5 (12... gxf5 13. Qxf5 $16) (12... Qa5 13. g4) 13.
O-O-O {The long castle allows white to attack the black king with the kingside
pawns.} Qe7 14. h4 {White's plan is very simple: to attack the black monarch,
pushing forward the pawns of the king side.} Nf4 $6 ({Probably better was} 
14... Rfd8 $16 {trying to trade rooks.}) 15. Bc4 b5 16. Ba2 {White's bishop
occupied a very important diagonal- a2-g8.} Rab8 {trying to get a counterplay
on the queen side.} 17. g3 $18 Nh5 18. g4 Nf4 19. g5 {[%csl Rg7] Black is
totally squezed.} b4 20. axb4 Qxb4 21. Bb3 Nc5 22. Bxc5 {trading almost the
only active black piece on the board.} Qxc5 23. f6 Bh8 {From now on black
plays without dark-squared bishop.} 24. h5 Rfd8 (24... Nxh5 {doesn't change
anything.} 25. Rxh5 gxh5 26. Qxh5 $40) 25. hxg6 hxg6 26. Rh4 {After this move
white has still winning position, but after} (26. Rh6 $1 {he was winning on
the spot.} Nh5 27. Rxg6+) 26... Rxd1+ 27. Qxd1 Nh5 28. Rh3 {transfering the
rook to the "d" file.} Rf8 29. Kb1 $1 {Very good profilactic move, which robs
black of his last hope.} Qf2 30. Ka2 Qf4 31. Qg1 {[%csl Gg5]} ({Even stronger
was} 31. Rxh5 gxh5 32. Qxh5 {[%cal Rh5g6]} Bxf6 33. gxf6 $18) 31... a5 32. Rd3
{[%cal Yg1c5,Gd3d7] occupying the"d" file with the rook.} a4 33. Bc4 (33. Bxa4
$18 {not bad as well.}) 33... a3 34. bxa3 {The rest is a matter of technique.}
(34. Qc5 $18) 34... Qh4 35. Qc5 $1 {threatening Qxf8.} Nxf6 (35... Rc8 36.
Bxf7+ $18) 36. gxf6 Bxf6 37. Qxc6 Qf2 38. Bb3 Kg7 39. Nd5 Bd8 40. Qc3 Re8 41.
Nb4 Rh8 1-0

[Event "EU-chT (Men) 15th"]
[Site "Gothenburg"]
[Date "2005.07.30"]
[Round "1.3"]
[White "Bobras, Piotr"]
[Black "Collins, Sam E"]
[Result "1-0"]
[WhiteElo "2525"]
[BlackElo "2413"]
[Annotator "Erenburg,S"]
[PlyCount "93"]
[EventDate "2005.07.30"]
[EventType "team-swiss"]
[EventRounds "9"]
[EventCountry "SWE"]
[SourceTitle "CBM 109"]
[Source "ChessBase"]
[SourceDate "2005.11.14"]
[SourceVersion "1"]
[SourceVersionDate "2005.11.14"]
[SourceQuality "1"]
[WhiteTeam "Poland"]
[BlackTeam "Ireland"]
[WhiteTeamCountry "POL"]
[BlackTeamCountry "IRL"]

{[%mdl 8192]} 1. e4 d6 2. d4 Nf6 3. Nc3 g6 4. f4 Bg7 5. Nf3 c5 {immediately
attacking white's centre. Another theoretical possibility is} (5... O-O {
0-1 Kotronias,V-Smirin,I/Moscow 2004/CBM 100_01/[Erenburg] (62)}) 6. dxc5 (6.
Bb5+ Bd7 7. e5 Ng4 8. Bxd7+ Qxd7 9. d5 dxe5 10. h3 e4 11. hxg4 exf3 12. Qxf3
Na6 {0-1 Luther,T-Beliavsky,A/Germany 2002/CBM 93/[Erenburg] (31)}) 6... Qa5 $1
7. Qd4 $5 {White activates the queen, covering the long diagonl. This
continuation is rare in comparison to the following ones:} (7. Bd3 Qxc5 8. Qe2
Bg4 9. Be3 Qa5 {1/2-1/2 Bologan,V-Nyback,T/Mallorca 2004/CBM 104_01/[Erenburg]
(47)}) (7. Bb5+ $5 Bd7 {1/2-1/2 Bareev,E-Speelman,J/Moscow 1994/CBM 045/
[Speelman,J] (41)}) 7... O-O {securing the monarch, and protecting the
fianchetted dark-squared bishop at the same time. Black tried also:} (7... Nc6
8. Bb5 Qxb5 9. Qxf6 $1 Bxf6 10. Nxb5 $16 {1-0 Milov,L-Henderikse,H/Haarlem NED
2004/The Week in Chess 505 (29)}) (7... dxc5 8. Bb5+ Nbd7 (8... Qxb5 9. Qxf6
Bxf6 10. Nxb5 Na6 11. e5 Bg7 12. Be3 $14) 9. Qa4 Qxa4 10. Bxa4 a6 11. e5 Ng4
12. Bb3 b5 13. Bd5 Ra7 14. Ng5 Nh6 15. Be3 Rc7 16. e6 $16 {1-0 Certic,
B-Vujadinovic,G/Kladovo 1996/EXT 2000 (35)}) 8. Bd2 Nc6 {attacking white's
queen, and continuing the development of the queenside.} (8... Nfd7 {is
refuted by} 9. Nd5 $1 Qd8 (9... Bxd4 10. Nxe7+ Kg7 11. Bxa5 $18) 10. cxd6 $1
Bxd4 11. dxe7 Qe8 12. Nxd4 Nc6 13. Nxc6 bxc6 14. Bb4 cxd5 15. Bb5 $18) 9. Qc4 {
Other possibilities are:} (9. Qe3 $6 Ng4 10. Qg1 dxc5 11. h3 Nf6 12. a3 e5 13.
O-O-O exf4 14. Nd5 Qd8 15. Nxf6+ Qxf6 16. Bc3 Qe7 $15 {0-1 Kormos,A-Bognar,C/
Hungary 2000/EXT 2004 (56)}) (9. Qf2 Qxc5 (9... Ng4 $142 $1) 10. Qxc5 dxc5 11.
e5 Nd7 12. O-O-O f6 13. Bc4+ Kh8 14. exf6 exf6 15. Be3 a6 16. Rhe1 Bh6 17. g3
b6 18. Be6 $16 {1-0 Ninov,N-Peev,P/YUG Cup Ulcinj 1997 (36)}) 9... Be6 $146 {
According to my database, this position appeared for the first time. In the
receding game black tried} (9... Qxc5 10. Qxc5 dxc5 11. e5 Ne8 12. Be3 b6 13.
O-O-O Nc7 14. Nb5 Ne6 15. Bc4 a6 16. Nc3 $16 {1-0 Milov,L-Gonzales,J/I Fincas
Mediterranea, Castelldefels ES 2004 (31)}) 10. Qb5 Qxb5 {Other continuations
don't equalize as well:} (10... Qb4 $5 11. O-O-O (11. cxd6 Nxe4 12. dxe7 Rfe8
13. Qxb4 Nxb4 14. Nxe4 Nxc2+ 15. Kf2 Nxa1 16. Bb5 Rxe7 17. Rxa1 Bxb2 18. Rb1
Bg7 19. Bb4 Bxa2 20. Bxe7 Bxb1 21. Nd6 Ba2 $14 {/=}) 11... Qxc5 12. Qxc5 dxc5
13. Be3 (13. e5 Ng4) 13... b6 14. h3 $14) (10... dxc5 11. Qxa5 Nxa5 12. Na4 $16
) 11. Bxb5 dxc5 $6 {allowing white to get a superior pawn structure.} ({
In my opinion, black should have prevented the capture on c6 by} 11... Nb4 12.
O-O-O a6 13. Be2 dxc5 14. a3 Nc6 15. Be3 c4 16. e5 Ng4 17. Bc5 Bh6 18. g3 Ngxe5
19. Nxe5 Nxe5 20. Bxe7 Rfe8 21. Bd6 $14) 12. Bxc6 $1 bxc6 13. O-O-O $16 {
White has an obvious advantage, thanks to a superior pawn structure.} Ng4 $6 {
probably plays in white's hands.} (13... Nd7 14. h3 $16 {[%cal Yg2g4]}) 14.
Rde1 Rfd8 15. h3 {driving away the knight from an active position.} Nf6 16. g4
{preparing advance of the pawns on the queenside.} Nd7 17. f5 Bc4 18. b3 Ba6
19. e5 $1 {Now black's pieces activity is limitted by white's pawns.} c4 {
delivering from the double pawns.} 20. e6 $1 {Now white destroys black's king
residence on the kingside.} Nf8 ({Black doesn't neutralize white's activity
after} 20... fxe6 21. Rxe6 cxb3 22. axb3 gxf5 23. gxf5 Rf8 24. Rxe7 Rxf5 25.
Rg1 Rf7 26. Rxf7 Kxf7 27. Ng5+ Ke7 28. Re1+ $18) 21. exf7+ Kxf7 22. Ne5+ {
forcing black to change his important dark-squared bishop.} Bxe5 23. Rxe5 cxb3
24. axb3 Nd7 {trying to drive away the rook from an active position.} (24...
gxf5 25. Rxf5+ Ke8 26. Re1 Bc8 27. Rf6 $16 {[%cal Yc3a4,Ya4c5] /+-}) 25. Ra5
Bb7 26. fxg6+ hxg6 (26... Kxg6 {doesn't make black's life easier.} 27. Rg5+ Kf7
28. Rf1+ Nf6 29. Re5 $18 {[%cal Gg4g5]}) 27. Ne4 Kg8 (27... c5 28. Ng5+ Ke8 (
28... Kg8 29. Rd1 $16 {[%cal Gg5e6,Yd2g5] /+-}) 29. Re1 $16 {/+-}) 28. Re1 Re8
29. Rg5 Nf8 (29... Kh7 30. h4 {[%cal Gh4h5]} Nf6 31. h5 $1 Nxe4 (31... gxh5 32.
Rh1 $18) 32. Rxe4 $18) 30. Nc5 Bc8 31. Bc3 $18 {White absolutely dominates the
board! He controls all the open files, diagonalas and gorizontals! The
location of all black's pieces on the 8-th rank only emphasizes white's
enormous advantage.} a5 32. h4 {Black is hopeless against white's h4-h5 strike.
} e5 33. h5 Ra7 {adding the queenside rook for protecting the monarch.} 34.
hxg6 Rg7 35. Ne4 {threatening with Nf6+.} Re6 36. Rxe5 {It is time to collect
the material advantage.} Rgxg6 (36... Rxe5 {doesn't change anything:} 37. Bxe5
Rxg6 38. g5 $18) 37. Rxa5 Nh7 {covering the f6 square.} 38. Ra8 Re8 39. g5 Rge6
40. Ra7 {threatening with Rg7+.} Rxe4 (40... R6e7 41. Nf6+ $18) 41. Rg7+ Kf8
42. Rf1+ Nf6 43. gxf6 Rg4 44. f7 {Now white's "f" pawn is unstoppable.} Ree4
45. Rh7 {with following Rh8+.} Rgf4 46. Rh8+ Kxf7 47. Rxf4+ 1-0

[Event "Bundesliga 0405"]
[Site "Germany"]
[Date "2005.04.10"]
[Round "15.5"]
[White "Smeets, Jan"]
[Black "Nyback, Tomi"]
[Result "1/2-1/2"]
[WhiteElo "2515"]
[BlackElo "2554"]
[Annotator "Erenburg,S"]
[PlyCount "79"]
[EventDate "2004.11.12"]
[EventType "team-tourn"]
[EventRounds "15"]
[EventCountry "GER"]
[SourceTitle "CBM 107"]
[Source "ChessBase"]
[SourceDate "2005.08.01"]
[SourceVersion "1"]
[SourceVersionDate "2005.08.01"]
[SourceQuality "1"]
[WhiteTeam "Solingen"]
[BlackTeam "Werder Bremen"]
[WhiteTeamCountry "GER"]
[BlackTeamCountry "GER"]

{[%mdl 8192]} 1. e4 g6 2. d4 Bg7 3. Nc3 d6 4. f4 Nf6 5. Nf3 c5 6. Bb5+ Bd7 7.
e5 {is considered as the most principled continuation. Another theoretical
line is} (7. Bxd7+ {---> 1-0 Wahls,M-Gallagher,J/Germany 2003/CBM 95/[Erenburg]
(34)}) 7... Ng4 8. e6 {Another attempt to fight for an advantage is} (8. Bxd7+
Qxd7 9. d5 dxe5 10. h3 e4 11. hxg4 exf3 12. Qxf3 Na6 {---> 0-1 Luther,
T-Beliavsky,A/Germany 2002/CBM 93/[Erenburg] (31)}) 8... fxe6 ({Another option
is} 8... Bxb5 9. exf7+ Kd7 10. Nxb5 Qa5+ 11. Nc3 cxd4 12. Nxd4 {---> 0-1
Borriss,M-Gurevich,M/Germany 2003/CBM 93/[Erenburg] (40)}) 9. Ng5 {[%cal Gd1g4,
Yg5e6]} Bxb5 10. Nxb5 ({There is a quick draw after} 10. Nxe6 Bxd4 11. Nxd8
Bf2+ 12. Kd2 Be3+ 13. Ke1 Bf2+ {1/2-1/2 Yevseev,D-Popov,V/Nefteyugansk 2002/
CBM 92 (13)}) 10... Qa5+ 11. c3 (11. Nc3 {leads to the 8...Bxb5. See commented
game ---> 0-1 Borriss,M-Gurevich,M/Germany 2003/CBM 93/[Erenburg] (40)}) 11...
Qxb5 12. Qxg4 (12. Nxe6 Qc4 {-leads to the game.}) 12... cxd4 13. Nxe6 Qc4 14.
Nxg7+ Kf7 15. Nf5 {In the previous game White continued with the interesting} (
15. f5 Kxg7 16. Qh4 Nc6 17. Rf1 Kg8 $6 ({Stronger is} 17... Rhg8 18. f6+ Kh8
19. fxe7 (19. Bg5 Rgf8 $1 $17) 19... Rge8 20. Bg5 Qe6+ 21. Kf2 dxc3 22. Kg1 {
[%cal Ya1e1]} cxb2 23. Rae1 $44) 18. Bh6 Re8 19. Rd1 Ne5 20. Rxd4 Qxa2 21. Kf2
Nf7 22. Kg1 Nxh6 23. Qxh6 Rf8 24. Rdf4 $16 {1/2-1/2 Gruenfeld,Y-Tal,M/Tel Aviv
1990/CBM 20 ext (61)}) 15... h5 (15... Qe6+ 16. Ne3 dxe3 17. Qxe6+ Kxe6 18.
Bxe3 Nc6 19. Ke2 $146 b5 20. Rad1 a5 $11 {---> 1/2-1/2 Smeets,J-Gagunashvili,M/
Wijk aan Zee 2004/CBM 99/[Erenburg] (48)}) 16. Qg5 (16. Ne3 dxe3 17. Qe2 Rc8
18. Bxe3 Nd7 $11 {1/2-1/2 Toro Solis de Ovando,G-Umansky,M/ICCF COR 2004/The
Week in Chess 536 (41)}) 16... Qe6+ 17. Ne3 dxe3 18. Qb5 $146 {A new attempt
to get an advantage, but, as we'll see, it doesn't promise anything special.
In the preceding game white tried} (18. f5 gxf5 19. O-O Nd7 (19... e2 20. Rxf5+
Ke8 21. Be3 Nc6 (21... Qxa2 22. Rxa2 e1=Q+ 23. Rf1 Qe2 24. Bd4 $18)) 20. Bxe3
Rag8 21. Qxf5+ Qxf5 22. Rxf5+ Ke6 23. Rb5 b6 $11 {1/2-1/2 Dabo Peranic,
R-Dragomirescu,A/Paks 2004/CBM 100 ext (47)}) 18... Nd7 19. Qe2 Qg4 {forcing
White to trade the queens.} (19... Nf6 20. O-O $13 {[%cal Yf1f3]}) 20. Bxe3 (
20. Qxg4 hxg4 21. Bxe3 Nf6 $11 {[%cal Yh8h5,Gf6e4,Ye7e6,Yd6d5]}) 20... Qxe2+
21. Kxe2 Rhc8 22. h3 {covering the g4 square.} Nf6 {activating the knight.} 23.
Kf3 {In the endgame the king should be active.} Nd5 24. Bd4 b5 $11 {Black
fixes white's queenside pawns on the dark squares.} 25. a3 {preventing Black's
possible b5-b4 strike.} Rc4 26. g4 {White's only plan to improve his position
is to open up the game on the kingside.} Rf8 {intending to attack White's
kingside pawns.} 27. gxh5 (27. Bxa7 $2 Rxf4+ $17) 27... gxh5 28. f5 Ke8 29. Ke4
Nf6+ 30. Kd3 {Now White already threatens to take on a7.} a6 31. Rhg1 d5 {
preparing an occupation of the stronghold e4 .} 32. Raf1 Kd7 33. Rg6 Rc6 {
covering the sixth rank.} 34. Ke3 Ne4 $1 {[%cal Ye4d6]} 35. Rxc6 Kxc6 36. Kf4 {
preparing an invasion with the king into the black camp.} Kd6 37. Be5+ Kc6 38.
Bd4 Kd6 ({Black loses after} 38... Rxf5+ 39. Kxf5 Ng3+ 40. Kg5 (40. Ke6 Nxf1
41. Kxe7 Nd2 42. Kf6 Nc4 43. b4 Nxa3 44. Kg5 Nc2 {[%cal Gc2d4,Ya6a5]} 45. Bg7
d4 $19) 40... Nxf1 41. Kxh5 Kd6 42. h4 e5 43. Ba7 e4 44. Kg6 e3 45. h5 e2 46.
Bf2 Ne3 47. h6 Ng4 48. Bg3+ Ke6 49. h7 Ne5+ 50. Kg7 Nf7 51. Bh4 a5 52. b3 a4
53. bxa4 (53. b4 Nh8 54. Kxh8 Kf7 $11) 53... bxa4 54. Bf2 Ke7 55. Bg3 Ke6 56.
Bh4 Nh8 57. Kxh8 Kf7 58. Be1 Kf8 59. Bd2 Kf7 60. c4 dxc4 61. Bb4 $18) 39. Be5+
Kc6 40. Bd4 {White doesn't succeed to invade with his king into black's camp,
therefore, the draw was agreed.} 1/2-1/2

[Event "Podolsk"]
[Site "Podolsk"]
[Date "1992.??.??"]
[Round "?"]
[White "Zaitsev, Igor A"]
[Black "Gipslis, Aivars P"]
[Result "0-1"]
[WhiteElo "2445"]
[BlackElo "2465"]
[Annotator "Ernst,T"]
[PlyCount "61"]
[EventDate "1992.12.??"]
[EventType "tourn"]
[EventRounds "11"]
[EventCountry "RUS"]
[EventCategory "11"]
[SourceTitle "CBM 033"]
[Source "ChessBase"]
[SourceDate "1993.04.01"]
[SourceVersion "1"]
[SourceVersionDate "1993.04.01"]
[SourceQuality "1"]

1. e4 d6 2. f4 Nf6 (2... c6 3. Nf3 Nf6 4. Nc3 Qa5 5. Be2 Bg4 6. O-O Bxf3 7.
Rxf3 Nbd7 8. d3 e6 9. Kh1 Be7 10. Be3 d5 11. e5 Ng4 12. Bg1 Nh6 13. Rh3 c5 14.
Qd2 O-O-O 15. a3 Kb8 16. Qe1 a6 17. b4 cxb4 18. Na2 Qxa3 19. d4 Qb2 20. Rb3
Qxc2 21. Rxb4 Qc7 22. Rb3 Nb6 23. Qa5 Nc4 24. Qxa6 Na5 25. Nc1 Qxc1 26. Rxb7+
Nxb7 {Votava,J-Biolek,R/CSR-ch/1992/1-0 TD 1992/ 10}) (2... g6 3. Nf3 Nf6 4. e5
(4. Nc3 Bg7 5. Be2 (5. Bc4 O-O 6. d3 c6 7. O-O b5 8. Bb3 a5 9. a4 b4 10. Ne2 (
10. Nb1 Na6 11. e5 Nd5 12. c4 bxc3 13. bxc3 Nc5 14. Bc2 f5 15. c4 Nb4 16. d4
Ne4 17. Bxe4 fxe4 18. Ng5 d5 19. cxd5 cxd5 20. Qb3 Qb6 21. Be3 Ba6 22. Rc1 e6
23. Na3 h6 24. Nxe4 dxe4 25. d5 Qb7 26. dxe6 Qd5 27. Qxd5 Nxd5 28. Bc5 Rfe8 29.
Nb5 Bxb5 30. axb5 Nxf4 31. e7 {Waters,M-Oratovsky,M/EU-chJ (1)/1992/0-1/37/})
10... Na6 11. e5 Nd5 12. d4 Nac7 13. c3 bxc3 14. bxc3 Ba6 15. Bd2 Rb8 16. Bc2
f5 17. exf6 exf6 18. f5 Qe7 19. Re1 Qf7 20. Nf4 g5 21. Ne6 Rfe8 22. Nxc7 Nxc7
23. Rb1 Bc4 24. Rxe8+ Qxe8 25. Bb3 Bd5 26. c4 Be4 27. Bc2 Rxb1 28. Bxb1 Bxf3
29. Qxf3 Qa8 30. Qb3 Qa7 31. c5+ {Waters,M-Thallinger,G/EU-chJ (9)/1992/1-0/72/
}) 5... O-O 6. O-O c5 7. Qe1 Nc6 8. d3 Nd4 9. Bd1 Bg4 10. Nxd4 (10. Qf2 e6 11.
Be3 Bxf3 12. Bxf3 Nd7 13. Rae1 Qa5 14. Bd1 b5 15. a3 b4 16. Nb1 Nb5 17. axb4
cxb4 18. d4 Rac8 19. Nd2 a6 20. f5 Qa2 21. Qh4 Qxb2 22. f6 Bh8 23. e5 dxe5 24.
Ne4 Rfd8 25. Ng5 Nf8 26. dxe5 Rd5 27. Rf3 Rxe5 28. Ref1 Rf5 29. Ne4 Nd4 30.
R3f2 Rxf2 31. Qxf2 {Maier,A-Baumhus,R/Munich op9192/1992/0-1/43/}) 10... Bxd1
11. Nc6 bxc6 12. Nxd1 e6 13. c4 Ng4 14. h3 Nh6 15. Be3 f5 16. Qe2 Bd4 17. Bxd4
cxd4 18. Nf2 Rb8 19. b3 a5 20. Rab1 c5 21. e5 Nf7 22. exd6 Qxd6 23. Qd2 Qc7 24.
Rbe1 Rfe8 25. Re2 Re7 26. Rfe1 Rbe8 27. Kf1 e5 28. fxe5 Rxe5 29. Rxe5 Rxe5 30.
Rxe5 Nxe5 31. Qf4 {Rogers,I-Kerkhof,P/Oostende op/1992/1/2-1/2/48/}) 4... Nd5
5. Nc3 Nxf4 6. d4 dxe5 7. Nxe5 Ne6 8. d5 Ng7 9. Bb5+ Bd7 10. O-O f6 11. Nxd7
Nxd7 12. Qe2 Kf7 13. Bh6 Nb6 14. Rad1 Nc8 15. Qe6+ {Zaitsev,I-Ivanov,V/Moscow4/
1992/1-0}) (2... c5 3. Nf3 Nc6 4. g3 Nf6 5. Nc3 g6 6. Bg2 Bg7 7. O-O O-O 8. d3
Nd4 (8... Rb8 9. h3 b5 10. g4 b4 11. Ne2 Ne8 12. f5 a5 13. Rb1 a4 14. Be3 Nc7
15. c4 bxc3 16. bxc3 Ba6 17. Qd2 Re8 18. h4 e6 19. Rxb8 Qxb8 20. Bh6 Bh8 21. h5
Qd8 22. Bg5 Qd7 23. hxg6 fxg6 24. Nf4 exf5 25. gxf5 gxf5 26. Bh3 Qf7 27. Bxf5
Bc8 28. Nh4 Bf6 29. Bxf6 Qxf6 30. Nh5 Qe5 31. Qh6 {Petrienko,V-Pribyl,M/
Pardubice op/1992/1-0/}) 9. h3 Nd7 10. Be3 Rb8 11. Qd2 b5 12. Nh2 b4 13. Nd1
Bb7 14. c3 Nc6 15. Nf3 Qa5 16. g4 bxc3 17. bxc3 Ba6 18. Rc1 Bb5 19. Nf2 Qa3 20.
Nh1 Rb6 21. Ng3 Ba6 22. Rc2 Rfb8 23. Rf2 Rb1+ 24. Bf1 Bb5 25. d4 Na5 26. Rc1
Nc4 27. Bxc4 Rxc1+ 28. Qxc1 Qxc1+ 29. Bxc1 Bxc4 30. Rb2 Rxb2 31. Bxb2 {Zaitsev,
I-Shabanov,Y/Orel/1992/0-1/38/}) 3. Nc3 (3. e5 Nd5 4. d4 dxe5 5. fxe5 Bf5 6.
Nf3 e6 7. Bd3 Bxd3 8. Qxd3 c5 9. O-O Be7 10. Nbd2 cxd4 11. Ne4 h6 12. Nxd4 Qb6
13. c4 Nb4 14. Qc3 Nc2 15. c5 Nxd4 16. Qxd4 Qc6 17. b4 Nd7 18. Bb2 f6 19. Qc4
fxe5 20. Rad1 Nb6 21. Qe2 Nd5 22. Bxe5 O-O-O 23. b5 Qe8 24. Rc1 Qg6 25. b6 a6
26. c6 Bg5 {Martin,AD-Martinez,F/Candas op/1992/1-0}) 3... g6 (3... d5 4. e5 d4
5. exf6 dxc3 6. fxg7 cxd2+ 7. Qxd2 Qxd2+ 8. Bxd2 Bxg7 9. O-O-O b6 10. Nf3 Bb7
11. Bb5+ Bc6 12. Bc4 Nd7 13. Be3 e6 14. Rd2 a6 15. Nd4 Bxd4 16. Bxd4 Rg8 17.
Rg1 b5 18. Bd3 f5 19. Be2 Ke7 20. Bh5 Bd5 21. b3 b4 22. h3 c5 23. Bf2 Kd6 24.
Bh4 Kc6 25. Re1 Raf8 26. Bf3 Bxf3 27. Rxe6+ Kb5 28. gxf3 Rf7 29. Rdd6 Rg6 30.
a4+ bxa3 31. Rxg6 {Bhend,E-Arduman,C/San Bernardino op/1992/1-0}) (3... e5 4.
Nf3 Nbd7 5. d4 exd4 6. Qxd4 c6 7. e5 dxe5 8. fxe5 Bc5 9. Qh4 Nxe5 10. Nxe5 Qe7
11. Bf4 Bd4 12. O-O-O Bxc3 13. bxc3 Qa3+ 14. Kb1 Be6 15. Nc4 Qxc3 16. Bd2 {
Romero Holmes,A-O'Connell,K/Oviedo 45'/1992/1-0}) 4. e5 dxe5 5. fxe5 Nd5 6. Nf3
(6. Qf3 e6) (6. Bc4 Be6 7. Qf3 c6 8. Nh3 Nd7 9. d4 Nc7 $13) 6... Bg7 7. d4 O-O
8. Nxd5 (8. Bc4 e6 9. Qe2 c5) (8. Ne4 Bf5 9. Ng3 Bg4 10. c4 $6 Nb6 11. Be3 c5
$1) 8... Qxd5 9. c4 Qd8 (9... Qe4+ $5 10. Be2 (10. Kf2 Bf5 $1) 10... c5 $1 11.
d5 Bg4 12. Bf4 Nd7) 10. b4 f6 11. Bb2 fxe5 12. c5 (12. Nxe5 Nc6 13. Nxc6 bxc6
14. Qd2 a5 15. bxa5 $6 c5 $1) 12... Be6 (12... Nc6 $5 13. Bc4+ Kh8 14. O-O Rxf3
$5) 13. Qc2 Nc6 14. Bc4 Bd5 $1 15. dxe5 (15. O-O Nxb4 16. Qb3 Bxc4 17. Qxc4+
Nd5 $17) 15... Nxb4 16. Qb3 Bxc4 17. Qxc4+ Nd5 18. O-O (18. O-O-O c6 19. Ng5
Bh6 20. h4 e6) 18... e6 19. Rae1 Qe7 20. Bc1 Rf5 21. g4 Rff8 22. c6 Rab8 23.
Bg5 Qe8 24. cxb7 (24. Nd4 bxc6 25. Nxc6 Rb6 $17) 24... Rxb7 25. Bf6 $6 Rb4 26.
Qc5 Rxg4+ 27. Kh1 Nxf6 28. exf6 Rxf6 29. Qd5 $138 (29. Qxc7 Qa8 30. Re3 Rgf4
31. Kg2 g5 $19) 29... exd5 30. Rxe8+ Bf8 31. Nd2 0-1

[Event "Budapest Honved"]
[Site "Budapest"]
[Date "1991.??.??"]
[Round "?"]
[White "Almasi, Zoltan"]
[Black "Farago, Sandor"]
[Result "1-0"]
[WhiteElo "2400"]
[BlackElo "2395"]
[Annotator "Ernst,T"]
[PlyCount "87"]
[EventDate "1991.??.??"]
[EventType "tourn"]
[EventRounds "11"]
[EventCountry "HUN"]
[EventCategory "9"]
[SourceTitle "CBM 027"]
[Source "ChessBase"]
[SourceDate "1992.04.01"]
[SourceVersion "1"]
[SourceVersionDate "1992.04.01"]
[SourceQuality "1"]

1. e4 d6 2. d4 Nf6 3. Nc3 g6 4. f4 Bg7 5. Nf3 O-O 6. Bd3 Nc6 7. e5 dxe5 8. fxe5
Nh5 9. Be2 Bg4 10. Be3 f6 11. exf6 exf6 12. Qd2 f5 (12... Qe7 13. O-O-O Rfe8
14. Rhe1 Kh8 15. Bh6 Bxh6 16. Qxh6 Qg7 17. Qxg7+ Kxg7 18. h3 $16 {Timman -
Nijboer, Holland 1985.}) 13. O-O-O f4 14. Bf2 Qd7 15. d5 Bxf3 16. gxf3 Ne5 17.
Ne4 Qa4 18. Kb1 b6 19. Ng5 $1 {Der weisse Schimmel fühlt sich im schwarzen
Lager wie zu Hause!} Bf6 20. Ne6 Rf7 21. Bd4 c5 22. Bxe5 Bxe5 23. d6 Nf6 24.
Nc7 Rd8 25. Bb5 $1 $18 Qd4 26. Qxd4 cxd4 27. Bc4 Rxd6 28. Bxf7+ Kxf7 29. Rhe1
Nd7 30. Nb5 Rd5 31. c4 Rc5 32. Nxd4 Kf6 33. Nb5 Nf8 34. Rd5 Rxd5 35. cxd5 a6
36. Na3 Nd7 37. Nc4 g5 38. Nxe5 Nxe5 39. d6 Nc6 40. d7 g4 41. fxg4 Kg5 42. Re6
Nd8 43. Re8 Nb7 44. Rb8 $1 {Das ist noch stärker als 44.d8D Sxd8 45.Txd8 Kxg4
46.Kc2 was ebenfalls zum Sieg gereicht hätte.} 1-0